[Event "FRA-chTA 9697"]
[Site "France"]
[Date "1997.??.??"]
[Round "2"]
[White "Beghdadi, Mourad"]
[Black "Vaisman, Volodia"]
[Result "0-1"]
[WhiteElo "2205"]
[BlackElo "2380"]
[PlyCount "68"]
[EventDate "1997.??.??"]
[EventType "team"]
[EventRounds "7"]
[EventCountry "FRA"]
[SourceTitle "EXT 1999"]
[Source "ChessBase"]
[SourceDate "1998.11.16"]
[SourceVersion "1"]
[SourceVersionDate "1998.11.16"]
[SourceQuality "1"]

1. e4 c5 2. Nf3 e6 3. d4 cxd4 4. Nxd4 a6 5. Nc3 d6 6. a4 Nf6 7. Nb3 Be7 8. Be2 0-0 9. 0-0 Nc6 10. Be3 b6 11. f4 Rb8 12. Bf3 Qc7 13. Kh1 Na5 14. Nd2 e5 15. f5 Bb7 16. Be2 Ra8 17. Qe1 d5 18. exd5 Nxd5 19. Nxd5 Bxd5 20. f6 Bxf6 21. Rxf6 gxf6 22. c4 Bb7 23. b4 Kh8 24. Qh4 Qd6 25. bxa5 Rg8 26. Bf3 Bxf3 27. Nxf3 bxa5 28. c5 Qc6 29. Qc4 Ra7 30. Rf1 Rb7 31. Qc2 Rb4 32. Rd1 Rxa4 33. Rd6 Ra1+ 34. Bg1 Qxf3 0-1

[Event "FRA-chT2 9495"]
[Site "France"]
[Date "1994.??.??"]
[Round "?"]
[White "Beghdadi, Mourad"]
[Black "Heinis, Vincent"]
[Result "0-1"]
[WhiteElo "2140"]
[BlackElo "2150"]
[PlyCount "102"]
[EventDate "1994.??.??"]
[EventType "team"]
[EventRounds "11"]
[EventCountry "FRA"]
[SourceTitle "EXT 2008"]
[Source "ChessBase"]
[SourceDate "2007.11.25"]
[SourceVersion "1"]
[SourceVersionDate "2007.11.25"]
[SourceQuality "1"]

1. e4 c6 2. d4 d5 3. Nd2 dxe4 4. Nxe4 Nf6 5. Ng5 h6 6. N5f3 Bf5 7. Bd3 Bxd3 8. Qxd3 Nbd7 9. Ne2 e6 10. Bf4 Nh5 11. Be3 Bd6 12. 0-0-0 Qc7 13. g3 0-0-0 14. c4 g5 15. Kb1 Kb8 16. d5 exd5 17. cxd5 cxd5 18. Qxd5 Ne5 19. Rc1 Nf6 20. Qd4 Qa5 21. Nxe5 Bxe5 22. Qc4 Rc8 23. Qb3 Rhd8 24. f4 Bc7 25. fxg5 Nd5 26. Rc5 Qa6 27. Rxd5 Qxe2 28. Rhd1 Rxd5 29. Rxd5 hxg5 30. Bxg5 Qxh2 31. a3 Qxg3 32. Qxg3 Bxg3 33. Rf5 Rc7 34. Rf3 Bd6 35. Rf6 Rd7 36. Be3 b6 37. a4 Be5 38. Rf5 f6 39. Bf4 Bxf4 40. Rxf4 Rd6 41. Ka2 Kc7 42. Kb3 Kd7 43. Kb4 Ke6 44. Re4+ Kf5 45. Re7 a5+ 46. Kb5 Kg6 47. Re1 f5 48. b4 axb4 49. Kxb4 f4 50. Kb5 Kf5 51. Rf1 Kg4 0-1